[Event "Chigorin Memorial 25th"]
[Site "St Petersburg"]
[Date "2017.10.29"]
[Round "9"]
[White "Zakirov, Rafael"]
[Black "Bykov, Oleg1"]
[Result "0-1"]
[WhiteElo "2120"]
[BlackElo "2333"]
[PlyCount "86"]
[EventDate "2017.10.21"]
[EventType "swiss"]
[EventRounds "9"]
[EventCountry "RUS"]
[SourceTitle "CBM 181 Extra"]
[Source "ChessBase"]
[SourceDate "2017.12.12"]
[SourceVersion "1"]
[SourceVersionDate "2017.12.12"]
[SourceQuality "1"]

1. d4 Nf6 2. c4 g6 3. Nc3 Bg7 4. e4 d6 5. h3 0-0 6. Nf3 e5 7. d5 a5 8. Be3 Na6 9. Be2 Nd7 10. g4 Ndc5 11. g5 Bd7 12. Qd2 c6 13. 0-0-0 a4 14. h4 cxd5 15. Qxd5 Bc6 16. Qxd6 Qa5 17. Qd2 a3 18. b3 Nb4 19. Bxc5 Qxc5 20. Qe3 Qa5 21. Kb1 Rfc8 22. h5 Bf8 23. hxg6 fxg6 24. Nd5 Nxd5 25. exd5 Bd7 26. Nxe5 Bf5+ 27. Ka1 Bc5 28. Qc1 Bxf2 29. Ng4 Bxg4 30. Bxg4 Rf8 31. Qc2 Rf4 32. Be6+ Kg7 33. Kb1 Raf8 34. Rdf1 Bh4 35. Rxf4 Rxf4 36. Qd3 Bxg5 37. Rf1 Rxf1+ 38. Qxf1 Qc3 39. Qf7+ Kh6 40. Qf8+ Kh5 41. Qxa3 Qd3+ 42. Kb2 Qd2+ 43. Kb1 Qd1+ 0-1

[Event "Chigorin Memorial 25th"]
[Site "St Petersburg"]
[Date "2017.10.26"]
[Round "6"]
[White "Efimenko, Aleksandr"]
[Black "Zakirov, Rafael"]
[Result "0-1"]
[WhiteElo "1865"]
[BlackElo "2120"]
[PlyCount "138"]
[EventDate "2017.10.21"]
[EventType "swiss"]
[EventRounds "9"]
[EventCountry "RUS"]
[SourceTitle "CBM 181 Extra"]
[Source "ChessBase"]
[SourceDate "2017.12.12"]
[SourceVersion "1"]
[SourceVersionDate "2017.12.12"]
[SourceQuality "1"]

1. e4 e6 2. d4 d5 3. Nc3 Bb4 4. e5 Nc6 5. Qg4 Bf8 6. a3 b6 7. Nf3 Bb7 8. Bd3 Qd7 9. Bd2 0-0-0 10. b4 Kb8 11. Na2 f5 12. Qf4 g6 13. Qe3 Bh6 14. Qe2 Bxd2+ 15. Qxd2 Nge7 16. Nc1 h6 17. Nb3 Nc8 18. a4 g5 19. a5 N6e7 20. Ng1 Ng6 21. c3 Nf4 22. Bf1 Rdg8 23. Ne2 Nxe2 24. Bxe2 h5 25. 0-0-0 Bc6 26. Kb2 Bb5 27. Na1 f4 28. Nc2 Rf8 29. Na3 Bxe2 30. Qxe2 g4 31. f3 Rhg8 32. Rd2 Rg7 33. Nc2 Rfg8 34. Rhd1 h4 35. fxg4 Rxg4 36. Ne1 Qg7 37. Qf3 Qg5 38. Kb3 Qf5 39. Re2 Qg5 40. a6 Ne7 41. Rc1 Nf5 42. Rcc2 Ne3 43. Rcd2 Nc4 44. Ra2 Ne3 45. Rf2 Qf5 46. h3 Rg3 47. Qxf4 Qb1+ 48. Rab2 Qd1+ 49. Nc2 Nf5 50. Rd2 Qg1 51. Ka2 Rxc3 52. Rb1 Rxc2+ 53. Rxc2 Qxd4 54. Qxd4 Nxd4 55. Rd2 Nc6 56. Re2 Kc8 57. b5 Nd4 58. Rd2 c5 59. bxc6 Nxc6 60. Ka3 Nxe5 61. Re2 Nc4+ 62. Kb4 Kd7 63. Rf1 Nd6 64. Rf6 Re8 65. Rh6 Nf5 66. Rh7+ Kd6 67. Rd2 Re7 68. Rxe7 Nxe7 69. Rd4 Nc6+ 0-1

[Event "Chigorin Memorial 25th"]
[Site "St Petersburg"]
[Date "2017.10.24"]
[Round "4"]
[White "Mirzoev, Azer"]
[Black "Zakirov, Rafael"]
[Result "1-0"]
[WhiteElo "2555"]
[BlackElo "2120"]
[PlyCount "91"]
[EventDate "2017.10.21"]
[EventType "swiss"]
[EventRounds "9"]
[EventCountry "RUS"]
[SourceTitle "CBM 181 Extra"]
[Source "ChessBase"]
[SourceDate "2017.12.12"]
[SourceVersion "1"]
[SourceVersionDate "2017.12.12"]
[SourceQuality "1"]

1. d4 Nf6 2. Nf3 g6 3. g3 Bg7 4. Bg2 0-0 5. 0-0 d6 6. b3 c6 7. Bb2 Bg4 8. Nbd2 Qc8 9. Re1 Na6 10. e4 c5 11. d5 Nc7 12. a4 b6 13. Nc4 Rb8 14. Qd3 Qa6 15. h3 Bxf3 16. Qxf3 Rbd8 17. Rad1 Nd7 18. Bxg7 Kxg7 19. Qc3+ Kg8 20. e5 b5 21. exd6 exd6 22. axb5 Nxb5 23. Qd3 Rfe8 24. Rxe8+ Rxe8 25. Nxd6 Qxd6 26. Qxb5 Re7 27. Qc6 Qxc6 28. dxc6 Nb6 29. c4 Kf8 30. f4 Rc7 31. Re1 a5 32. Kf2 a4 33. bxa4 Nxa4 34. Bd5 Nb2 35. Ke2 Re7+ 36. Kd2 Rxe1 37. Kxe1 Ke7 38. Bxf7 Kd6 39. Bd5 Na4 40. Kd2 Nb6 41. Kd3 Nc8 42. g4 Ne7 43. Ke4 Nc8 44. f5 Ne7 45. f6 Nc8 46. g5 1-0

[Event "Ufa Siamidi Memorial op"]
[Site "Ufa"]
[Date "2009.10.05"]
[Round "3"]
[White "Kopeikin, Yuri"]
[Black "Zakirov, Rafael"]
[Result "1-0"]
[WhiteElo "2163"]
[BlackElo "2146"]
[PlyCount "53"]
[EventDate "2009.10.03"]
[EventType "swiss"]
[EventRounds "9"]
[EventCountry "RUS"]
[SourceTitle "EXT 2011"]
[Source "ChessBase"]
[SourceDate "2010.11.26"]
[SourceVersion "1"]
[SourceVersionDate "2010.11.26"]
[SourceQuality "1"]

1. d4 Nf6 2. c4 g6 3. Nc3 Bg7 4. e4 d6 5. f3 0-0 6. Be3 c6 7. Qd2 Nbd7 8. Nge2 a6 9. Nc1 b5 10. Nb3 bxc4 11. Bxc4 d5 12. Be2 e5 13. 0-0 exd4 14. Bxd4 dxe4 15. fxe4 Re8 16. Qg5 Qe7 17. Rae1 h6 18. Qh4 a5 19. Bc4 Ne5 20. Bc5 Qc7 21. Qf4 Be6 22. Bxe6 Rxe6 23. Rd1 Nh5 24. Qh4 Nc4 25. Nd4 Ree8 26. Nf5 Bf6 27. Qh3 1-0

[Event "Ufa Dautov Memorial op"]
[Site "Ufa"]
[Date "2009.04.08"]
[Round "8"]
[White "Zakirov, Rafael"]
[Black "Khaziev, Anvar"]
[Result "1-0"]
[WhiteElo "2143"]
[BlackElo "2081"]
[PlyCount "81"]
[EventDate "2009.04.01"]
[EventType "swiss"]
[EventRounds "9"]
[EventCountry "RUS"]
[SourceTitle "CBM 130 Extra"]
[Source "ChessBase"]
[SourceDate "2009.07.02"]
[SourceVersion "2"]
[SourceVersionDate "2009.07.15"]
[SourceQuality "1"]

1. d4 d5 2. c4 c6 3. cxd5 cxd5 4. Nc3 Nf6 5. Nf3 Nc6 6. Bf4 Bf5 7. e3 e6 8. Bd3 Bxd3 9. Qxd3 Bb4 10. 0-0 Bxc3 11. bxc3 Ne4 12. c4 0-0 13. Rab1 b6 14. cxd5 exd5 15. Rfc1 Rc8 16. Ne5 Na5 17. f3 Nd6 18. e4 f6 19. Ng4 Ndc4 20. Rb5 dxe4 21. fxe4 Qd7 22. Rf5 Rc5 23. Rxc5 Qxg4 24. R5xc4 Qxf4 25. Rc7 Re8 26. d5 Rxe4 27. Rc8+ Kf7 28. R1c7+ Kg6 29. d6 Qf5 30. Qg3+ Rg4 31. Qf2 Rf4 32. Qe2 Re4 33. Qd2 Rf4 34. Rc1 Rf1+ 35. Rxf1 Qxc8 36. d7 Qd8 37. Re1 Nb7 38. Qd3+ Kh6 39. Re8 Qc7 40. Qh3+ Kg6 41. Qg3+ 1-0